000 01144cam a22003255i 4500
999 _c16891
_d16891
001 014836341
003 EG-ScBUE
005 20201102095841.0
008 081103s2009 enk f 000 d eng d
020 _a0141189975
020 _a9780141189970
040 _aEG-ScBUE
_beng
_erda
_cEG-ScBUE
_dEG-ScBUE
082 0 4 _a812.52
_bMIL
_222
100 1 _aMiller, Arthur,
_d1915-2005,
_eauthor.
_930672
245 1 0 _aAll my sons :
_ba drama in three acts /
_cArthur Miller ; with an introduction by Christopher Bigsby.
250 _aNew edition.
264 1 _aLondon :
_bPenguin Books,
_c2009.
300 _avii, 84 pages ;
_c20 cm.
336 _atext
_btxt
_2rdacontent
337 _aunmediated
_bn
_2rdamedia
338 _avolume
_bnc
_2rdacarrier
490 0 _aPenguin modern classics
500 _aOriginal ed.: USA : Reynal & Hitchcock, 1947.
650 7 _aAircraft supplies industry
_xCorrupt practices
_vDrama.
_2BUEsh
_930674
650 7 _aBusinessmen
_xFamily relationships
_vDrama.
_2BUEsh
_930675
651 _2BUEsh
653 _bHHUUEENN
_cJuly2012
700 1 _aBigsby, C. W. E.,
_eauthor of introduction, etc.
_930676
942 _2ddc
_cBB